[Event "25. Open Internacional de Parla 2010"]
[Site "Parla ESP"]
[Date "2010.09.12"]
[Round "9.45"]
[White "Garcia-Osorio Prado, Miguel Angel"]
[Black "Tolosana Esteban, Enrique"]
[Result "1-0"]
[WhiteElo "1675"]
[BlackElo "1772"]
[PlyCount "151"]
[EventDate "2010.09.04"]
[EventType "swiss"]
[EventRounds "9"]
[EventCountry "ESP"]
[Source "lmi"]
[SourceDate "2010.09.04"]

1. d4 Nf6 2. c4 e6 3. Nc3 Bb4 4. Bd2 c5 5. e3 Bxc3 6. Bxc3 Ne4 7. Qc2 f5 8. Nf3
Qf6 9. Bd3 Nxc3 10. Qxc3 b6 11. e4 cxd4 12. Qxd4 Qg6 13. O-O Nc6 14. Qc3 fxe4
15. Bc2 O-O 16. Ne5 Nxe5 17. Qxe5 Bb7 18. f3 d5 19. cxd5 exd5 20. fxe4 Rae8 21.
Rxf8+ Rxf8 22. Bb3 Kh8 23. Bxd5 Ba6 24. b4 Qh6 25. Qd4 Qf4 26. h3 Qg3 27. Bc6
Bc8 28. Rf1 Rxf1+ 29. Kxf1 Qf4+ 30. Ke2 Qf8 31. e5 h6 32. a4 Qe7 33. Qd6 Qe6
34. Qxe6 Bxe6 35. Ke3 Kg8 36. h4 Kf8 37. Kf4 Ke7 38. g4 Kd8 39. g5 Kc7 40. gxh6
gxh6 41. Be4 a5 42. bxa5 bxa5 43. Bd3 Bd7 44. Bc2 Kb6 45. Bb3 Kc5 46. e6 Be8
47. Ke5 Kc6 48. Kf6 Kd6 49. Kg7 Ke7 50. Kxh6 Kf6 51. Kh7 Bh5 52. Kg8 Ke7 53.
Kg7 Be8 54. Bd1 Kxe6 55. h5 Bc6 56. h6 Be4 57. h7 Bxh7 58. Kxh7 Kf7 59. Bb3+
Ke7 60. Kg6 Kd6 61. Kf5 Kc5 62. Ke6 Kc6 63. Bc4 Kc7 64. Bb5 Kb8 65. Kd6 Kb7 66.
Kc5 Ka7 67. Kc6 Kb8 68. Kb6 Ka8 69. Kxa5 Ka7 70. Bc6 Kb8 71. Ka6 Kc7 72. Bh1
Kb8 73. Kb6 Kc8 74. a5 Kb8 75. a6 Kc8 76. a7 1-0

[Event "25. Open Internacional de Parla 2010"]
[Site "Parla ESP"]
[Date "2010.09.12"]
[Round "9.47"]
[White "Hernandez Mateo, Borja"]
[Black "Rodriguez Lorenzo, Miguel"]
[Result "1/2-1/2"]
[WhiteElo "1617"]
[BlackElo "1684"]
[PlyCount "107"]
[EventDate "2010.09.04"]
[EventType "swiss"]
[EventRounds "9"]
[EventCountry "ESP"]
[Source "lmi"]
[SourceDate "2010.09.04"]

1. e4 Nf6 2. Nc3 d5 3. exd5 Nxd5 4. Bc4 Nb6 5. Bb3 Nc6 6. Nf3 g6 7. O-O Bg7 8.
d3 O-O 9. Re1 Bg4 10. h3 Bxf3 11. Qxf3 e6 12. Bf4 Qd7 13. Rab1 Rab8 14. Ne4 Nd4
15. Qg3 Nf5 16. Qg5 Kh8 17. Ng3 h6 18. Qg4 h5 19. Qf3 Nd4 20. Qe3 Nxb3 21. axb3
Nd5 22. Qd2 Nxf4 23. Qxf4 Qd6 24. Qxd6 cxd6 25. c3 Rbc8 26. Re4 Rc6 27. Ra1 a6
28. d4 d5 29. Re2 Rfc8 30. Nf1 Rb6 31. b4 f6 32. Nd2 e5 33. Nb3 e4 34. Nc5 f5
35. g3 g5 36. Nd7 Re6 37. Nc5 Re7 38. f3 g4 39. hxg4 hxg4 40. fxg4 fxg4 41. Rf1
Rf8 42. Rxf8+ Bxf8 43. Rh2+ Kg8 44. Rh4 Rg7 45. Ne6 Rg6 46. Nf4 Rg5 47. Nxd5
Rxd5 48. Rxg4+ Kf7 49. Rxe4 Rg5 50. Kg2 Bd6 51. g4 b5 52. Kf3 Bc7 53. Re2 Bd6
54. Re4 1/2-1/2

[Event "25. Open Internacional de Parla 2010"]
[Site "Parla ESP"]
[Date "2010.09.12"]
[Round "9.49"]
[White "Garcia-Ines Sanchez, Gustavo"]
[Black "Nieto Esteban, Manuel"]
[Result "0-1"]
[WhiteElo "1685"]
[BlackElo "1823"]
[PlyCount "72"]
[EventDate "2010.09.04"]
[EventType "swiss"]
[EventRounds "9"]
[EventCountry "ESP"]
[Source "lmi"]
[SourceDate "2010.09.04"]

1. e4 e5 2. Nf3 Nc6 3. Bb5 a6 4. Ba4 Nf6 5. O-O Nxe4 6. d4 b5 7. Bb3 d5 8. Re1
Be7 9. dxe5 Be6 10. Bf4 Na5 11. Nbd2 Nxb3 12. axb3 Nxd2 13. Qxd2 c5 14. Ng5 O-O
15. Nxe6 fxe6 16. Bg3 Bg5 17. f4 Be7 18. Qe2 Qb6 19. Qe3 Qc6 20. Rad1 c4 21.
Bf2 a5 22. g3 a4 23. Qb6 Qxb6 24. Bxb6 axb3 25. cxb3 Ra2 26. Bd4 h5 27. h4 g6
28. Kg2 Bb4 29. Re2 Rc8 30. Rc1 Bc5 31. Rd2 Bxd4 32. Rxd4 Rxb2+ 33. Kh3 Ra8 34.
bxc4 Raa2 35. Rh1 bxc4 36. g4 Ra3+ 0-1

[Event "25. Open Internacional de Parla 2010"]
[Site "Parla ESP"]
[Date "2010.09.12"]
[Round "9.50"]
[White "Martinez Soler, Manuel"]
[Black "Garcia Andrinal, Antonio"]
[Result "0-1"]
[WhiteElo "1563"]
[BlackElo "1748"]
[PlyCount "77"]
[EventDate "2010.09.04"]
[EventType "swiss"]
[EventRounds "9"]
[EventCountry "ESP"]
[Source "lmi"]
[SourceDate "2010.09.04"]

1. d4 d5 2. Nf3 e6 3. e3 c6 4. c4 f5 5. Be2 Nf6 6. Nc3 Bd6 7. cxd5 exd5 8. O-O
O-O 9. Re1 Ne4 10. Ne5 Nd7 11. Nxd7 Bxd7 12. f4 Qh4 13. Nxe4 fxe4 14. g3 Qh6
15. Bg4 Be8 16. Bd2 Rf6 17. Kg2 Qg6 18. h3 h5 19. Be2 h4 20. g4 Bd7 21. Rf1 c5
22. Be1 Bc6 23. Bxh4 Rff8 24. Bg3 Qh6 25. g5 Qe6 26. Bg4 Qe7 27. h4 Qf7 28. h5
b6 29. Rh1 cxd4 30. Qxd4 Bc5 31. Qd2 d4 32. Bf2 Rad8 33. Qe2 dxe3 34. Bxe3 Bxe3
35. Qxe3 Rd3 36. Qc1 Qd5 37. Rh2 e3+ 38. Kg1 Rxf4 39. Be2 0-1

[Event "25. Open Internacional de Parla 2010"]
[Site "Parla ESP"]
[Date "2010.09.12"]
[Round "9.52"]
[White "Martinez Miura, Enrique"]
[Black "Rios Barba, Faustino"]
[Result "1-0"]
[WhiteElo "1731"]
[BlackElo "1591"]
[PlyCount "65"]
[EventDate "2010.09.04"]
[EventType "swiss"]
[EventRounds "9"]
[EventCountry "ESP"]
[Source "lmi"]
[SourceDate "2010.09.04"]

1. e4 c5 2. c4 a5 3. Nc3 d6 4. g3 Nf6 5. Bg2 Nc6 6. Nge2 g6 7. O-O Bg7 8. d3
O-O 9. a3 Bd7 10. Bd2 Qc8 11. Re1 Bh3 12. Bh1 Ne5 13. Bf4 Neg4 14. f3 e5 15.
Bd2 Nh6 16. Qc1 Nfg4 17. fxg4 Nxg4 18. Nd5 Qd8 19. Bg2 Bxg2 20. Kxg2 f5 21. h3
Nf6 22. Bg5 fxe4 23. dxe4 Rf7 24. Rf1 Qf8 25. Nxf6+ Bxf6 26. Bxf6 Rxf6 27. Nc3
Qg7 28. Rxf6 Qxf6 29. Nd5 Qg7 30. Qd2 Rf8 31. Rf1 Rxf1 32. Kxf1 Qf7+ 33. Qf2
1-0

[Event "25. Open Internacional de Parla 2010"]
[Site "Parla ESP"]
[Date "2010.09.12"]
[Round "9.53"]
[White "De la Rosa Bretin, Adrian"]
[Black "Martin Garcia, Francisco Javier"]
[Result "0-1"]
[WhiteElo "1712"]
[BlackElo "1575"]
[PlyCount "50"]
[EventDate "2010.09.04"]
[EventType "swiss"]
[EventRounds "9"]
[EventCountry "ESP"]
[Source "lmi"]
[SourceDate "2010.09.04"]

1. e4 c5 2. Nc3 Nc6 3. g3 g6 4. Bg2 Bg7 5. d3 d6 6. Nge2 h5 7. Be3 h4 8. O-O h3
9. Bh1 Nh6 10. f3 Nd4 11. Qd2 a6 12. Nd1 b5 13. c3 Nxe2+ 14. Qxe2 b4 15. Rb1
Qa5 16. cxb4 Qxb4 17. Nc3 Be6 18. a3 Qb3 19. Nd5 Bxd5 20. exd5 Nf5 21. Bf2 Nd4
22. Qd1 Qb6 23. b4 Rb8 24. bxc5 Qxb1 25. Qxb1 Ne2# 0-1

[Event "25. Open Internacional de Parla 2010"]
[Site "Parla ESP"]
[Date "2010.09.12"]
[Round "9.54"]
[White "Al-Zarif, Bassam"]
[Black "Cerrato Sampablo, Antonio"]
[Result "1-0"]
[WhiteElo "1691"]
[BlackElo "1621"]
[PlyCount "179"]
[EventDate "2010.09.04"]
[EventType "swiss"]
[EventRounds "9"]
[EventCountry "ESP"]
[Source "lmi"]
[SourceDate "2010.09.04"]

1. b3 d5 2. Bb2 Bg4 3. Nf3 Nd7 4. h3 Bh5 5. e3 c6 6. Be2 Ngf6 7. d3 e6 8. Nbd2
Bd6 9. Rc1 Qe7 10. c4 O-O 11. O-O Ba3 12. Qc2 Bxb2 13. Qxb2 Bg6 14. Rfd1 Ne8
15. cxd5 exd5 16. d4 f5 17. Bd3 Bh5 18. Re1 Nd6 19. Nh2 Nf6 20. Nhf1 Nfe4 21.
f3 Nxd2 22. Qxd2 Qg5 23. Qf2 Rae8 24. b4 Re7 25. a4 Rfe8 26. b5 f4 27. exf4
Qxf4 28. Red1 cxb5 29. axb5 Rf8 30. Kh1 Be8 31. Rc5 Ne4 32. Qc2 Nxc5 33. Qxc5
Rc7 34. Qxd5+ Bf7 35. Qe5 Bb3 36. Rb1 Bc4 37. Bxc4+ Rxc4 38. Qd5+ Qf7 39. Qe4
Rd8 40. Qe3 Rcxd4 41. Ng3 Qa2 42. Re1 Qd5 43. Ne4 Rd1 44. Rxd1 Qxd1+ 45. Kh2
Qd4 46. Qb3+ Qd5 47. Qa4 Qe5+ 48. Ng3 Qc5 49. Ne4 Qc7+ 50. Ng3 Qb6 51. Qc4+ Kh8
52. Ne4 h6 53. Qa4 Rd5 54. Qc4 Rxb5 55. Qc8+ Kh7 56. Qd7 Qg6 57. Qxb5 b6 58.
Qa6 Qf7 59. Qd3 Qc7+ 60. Kg1 Kh8 61. Qd6 Qc1+ 62. Kh2 Qc8 63. Qa3 b5 64. Qxa7
b4 65. Qd4 Qb8+ 66. Kg1 b3 67. Qb2 Qb4 68. Kf2 Qc4 69. Ke1 Kg8 70. Nd2 Qc5 71.
Qxb3+ Kh8 72. Qb8+ Kh7 73. Qb1+ Kh8 74. Qg6 Qg1+ 75. Ke2 Qd4 76. Qe4 Qg1 77.
Qg4 Qc5 78. f4 Qe7+ 79. Kf1 Qe3 80. Nf3 Qc5 81. Qg3 Qc1+ 82. Ne1 Qc4+ 83. Kg1
Qe2 84. Kh2 Qh5 85. Nf3 Qf5 86. Qg4 Qf6 87. Qc8+ Kh7 88. Qg4 Kh8 89. Qh4 Qf5
90. Ne5 1-0

[Event "25. Open Internacional de Parla 2010"]
[Site "Parla ESP"]
[Date "2010.09.12"]
[Round "9.56"]
[White "Fariñas Lucas, Juan Antonio"]
[Black "Roldan Criado, Angel"]
[Result "1-0"]
[WhiteElo "1671"]
[BlackElo "1462"]
[PlyCount "39"]
[EventDate "2010.09.04"]
[EventType "swiss"]
[EventRounds "9"]
[EventCountry "ESP"]
[Source "lmi"]
[SourceDate "2010.09.04"]

1. e4 Nc6 2. d4 e6 3. Nf3 d6 4. Nc3 Be7 5. Bb5 Bd7 6. Be3 a6 7. Bd3 Nf6 8. a3
Ng4 9. Qd2 Nxe3 10. Qxe3 O-O 11. O-O Bf6 12. e5 dxe5 13. dxe5 Be7 14. Rad1 Qe8
15. Be4 Rb8 16. Qd3 Rd8 17. Bxh7+ Kh8 18. Be4 Na5 19. Nd4 Bc6 20. Qh3+ 1-0

[Event "25. Open Internacional de Parla 2010"]
[Site "Parla ESP"]
[Date "2010.09.12"]
[Round "9.58"]
[White "Ojosnegros Martin, Angel"]
[Black "Fernandez Cabello, Emilio"]
[Result "0-1"]
[WhiteElo "1384"]
[BlackElo "1809"]
[PlyCount "168"]
[EventDate "2010.09.04"]
[EventType "swiss"]
[EventRounds "9"]
[EventCountry "ESP"]
[Source "lmi"]
[SourceDate "2010.09.04"]

1. c4 Nf6 2. Nc3 g6 3. g3 Bg7 4. Bg2 d6 5. Nf3 O-O 6. d3 e5 7. O-O Na6 8. Bg5
h6 9. Bxf6 Bxf6 10. Rb1 c6 11. Ne4 Be7 12. a3 f5 13. Nc3 Nc7 14. Nd2 f4 15. Qc2
Ne6 16. Rbe1 Nd4 17. Qb1 Be6 18. gxf4 exf4 19. Kh1 Bg4 20. Nf3 Ne6 21. Qc2 g5
22. Rg1 Kh8 23. Ne4 Bf5 24. Qc3+ Bf6 25. Nxf6 Rxf6 26. Nd2 Kh7 27. Be4 Nc5 28.
Bxf5+ Rxf5 29. Qc2 Qf6 30. b4 Nd7 31. Ne4 Qg6 32. f3 Rd8 33. Rg2 Nf6 34. Nxf6+
Qxf6 35. Reg1 Kh8 36. Qc1 d5 37. c5 Re8 38. Qa1 Ree5 39. Rg4 Rxe2 40. Qxf6+
Rxf6 41. h4 Rf2 42. R1g2 Rxg2 43. Kxg2 Rf5 44. hxg5 hxg5 45. Kf1 Kg7 46. Rg2
Kg6 47. Re2 Kf6 48. d4 Kf7 49. Kf2 Rf6 50. Re5 Rg6 51. Rf5+ Kg7 52. Re5 Kh6 53.
Re7 Rg7 54. Re6+ Kh5 55. Re5 Kh4 56. Kg2 g4 57. fxg4 Kxg4 58. Kf2 Rf7 59. Re1
f3 60. Rg1+ Kf4 61. Rg3 Ke4 62. Rg4+ Kd3 63. Rh4 Kc4 64. Rg4 Kb3 65. Rg1 Kxa3
66. Ra1+ Kxb4 67. Rxa7 Kc3 68. Ra4 Rf4 69. Ra7 Kxd4 70. Ra4+ Ke5 71. Ra7 Rf7
72. Ra4 d4 73. Ra1 Kd5 74. Rc1 Rf4 75. Kg3 Rf7 76. Kf2 Ke4 77. Re1+ Kd3 78.
Rd1+ Kc4 79. Rc1+ Kd5 80. Rd1 Rf5 81. Rb1 Kxc5 82. Rxb7 Kd6 83. Rb3 Kd5 84.
Rxf3 Rxf3+ 0-1